000 00789nam a2200193Ia 4500
003 GCL
008 140319s9999 xx 000 0 ara d
040 _aGCL /
_cGCL
082 0 4 _a923.17
_bس ا
100 1 _aسيد عبدالمجيد بكر
245 1 0 _aالاقليات المسلمة فى الامريكيتين والبحر الكاريبى /
_cسيد عبدالمجيد بكر
260 _aالرياض :
_bرابطة العالم الاسلامى ،
_c1985
300 _a422 ص ؛
_c20 سم
650 0 4 _aالمسلمون فى الولايات المتحدة الامريكية
650 0 4 _aالمسلمون - اقليات
650 0 4 _aالمسلمون فى امريكا الشمالية
650 0 4 _aالمسلمون فى امريكا الجنوبية
942 _2ddc
_cBK
999 _c6901
_d6901